000 00430nam a2200181Ia 4500
001 20988
005 20260306172846.0
008 260306t2017||||xx |||||||||||||| ||spa||
041 _aESP
082 _a343.83
_bC83
100 _aCosio Jara, Edgar Fernando
_eAUT
245 0 _aCurso de derecho aduanero
260 _c2017
300 _a579 páginas :
_c24 cm.
650 _aGEN
654 _aCCO
942 _cLIB
_dJUS
_fJUS
_2ddc
_n
999 _c20988
_d20988